000 00744nam a2200253 a 4500
001 000015350
003 DO-SdBNP
005 20240412074243.0
007 ta
008 100205s200u dr 000 0 spa d
040 _aDO-SdBNP
_bspa
_cBNPHU
_erda
082 4 _aRD861.44
_bJ36a
_222
100 1 _aJáquez, José
_91321
_eautor
245 1 3 _aEl amor es una vaina /
_cJosé Jáquez.
264 _aSanto Domingo :
_bEl nuevo Diario,
_c[200?].
300 _a130 páginas ;
_c22 cm.
336 _2rdacontent
_atexto
_btxt
337 _2rdamedia
_asin mediación
_bn
338 _2rdacarrier
_avolumen
_bnc
590 _aInventariado, 2023 /LP
650 0 _aPoesía dominicana
_966
650 0 _aLiteratura dominicana.
_967
942 _2ddc
_cLBS1
999 _c14915
_d14915